logo

Bir Sreshtho Munshi Abdur Rouf Library
Jhenaidah Cadet College

The practice of journalism : (Record no. 7743)

MARC details
000 -LEADER
fixed length control field 00897cam a2200301 a 4500
001 - CONTROL NUMBER
JCCL Control Number 7743
003 - CONTROL NUMBER IDENTIFIER
JCCL marc code BD-JhCC
005 - DATE AND TIME OF LATEST TRANSACTION
control field 20180213133324.0
008 - FIXED-LENGTH DATA ELEMENTS--GENERAL INFORMATION
fixed length control field 870824s1988 njua b 001 0 eng
020 ## - INTERNATIONAL STANDARD BOOK NUMBER
International Standard Book Number 0136937063 :
Terms of availability $20.00
035 ## - SYSTEM CONTROL NUMBER
system control number (BD-JhCC)7743
040 ## - CATALOGING SOURCE
Original cataloging agency DLC
Transcribing agency DLC
Modifying agency DLC
-- BD-JhCC
041 ## - LANGUAGE CODE
Language code of Book eng
050 00 - LIBRARY OF CONGRESS CALL NUMBER
Classification number PN4781
Item number .P59 1988
082 00 - DEWEY DECIMAL CLASSIFICATION NUMBER
Classification number 070.4/3
DDC Edition number 19
Author mark and Year POR 1988
100 1# - MAIN ENTRY--PERSONAL NAME
Personal name Porter, Bruce.
245 14 - TITLE STATEMENT
Title The practice of journalism :
Remainder of title a guide to reporting and writing the news /
Statement of responsibility, etc Bruce Porter, Timothy Ferris.
260 ## - PUBLICATION, DISTRIBUTION, ETC. (IMPRINT)
Place of publication, distribution, etc Englewood Cliffs, N.J. :
Name of publisher, distributor, etc Prentice Hall,
Date of publication, distribution, etc c1988.
300 ## - PHYSICAL DESCRIPTION
Pagination x, 389 p. :
Other physical details ill. ;
Dimensions 24 cm.
500 ## - GENERAL NOTE
General note Includes index.
504 ## - BIBLIOGRAPHY, ETC. NOTE
Bibliography, etc Bibliography: p. 378-380.
650 #0 - SUBJECT ADDED ENTRY--TOPICAL TERM
Topical term or geographic name as entry element Reporters and reporting.
650 #0 - SUBJECT ADDED ENTRY--TOPICAL TERM
Topical term or geographic name as entry element Journalism
General subdivision Authorship.
650 #0 - SUBJECT ADDED ENTRY--TOPICAL TERM
Topical term or geographic name as entry element Report writing.
700 1# - ADDED ENTRY--PERSONAL NAME
Personal name Ferris, Timothy.
942 ## - ADDED ENTRY ELEMENTS (KOHA)
Source of classification or shelving scheme Dewey Decimal Classification
Koha item type Books
Holdings
Source of classification or shelving scheme Damaged status Not for loan Home library Current library Shelving location Total Checkouts Full call number Barcode Date last seen Copy number Koha item type
Dewey Decimal Classification     JCC Rouf Library JCC Rouf Library General Stacks   070.4/3 POR 1988 10355 02/13/2018 C -1 Books

JCC Library | Contacts | JCC Home

Last Update on 23 September 2017
Copyright @ 2017-2020 JCC Rouf Library
Rouf Library, Jhenidah Cadet College (JCC), Bangladesh